| 000 | 00508nam a2200193Ia 4500 | ||
|---|---|---|---|
| 005 | 20250320043051.0 | ||
| 008 | 240331s9999 xx 000 0 und d | ||
| 020 | _a8170363705 | ||
| 082 |
_a302.2 _bPAR _23438 |
||
| 245 | 0 |
_aParticipatory Communication: _bWorking for Change and Development |
|
| 260 |
_aNew Delhi, _bSAGE Publications _c1994 |
||
| 300 | _a470 p., | ||
| 650 | _aDevelopment | ||
| 650 | _aCommunication | ||
| 650 | _aConflict | ||
| 650 | _aMedia | ||
| 700 |
_aWhite, S. A _eedt |
||
| 942 | _cL | ||
| 999 |
_c1090 _d1090 |
||